American Girl Dolls - Statistics

General Stats
  • This quiz has been taken 163 times
  • The average score is 18 of 25
Answer Stats
Picture Answer % Correct
Kit Kittredge
96%
Samantha Parkington
93%
Molly McIntire
91%
Julie Albright
90%
Felicity Merriman
88%
Kaya'aton'my
88%
Addy Walker
85%
Josefina Montoya
78%
Rebecca Rubin
77%
Kirsten Larson
76%
Caroline Abbott
75%
Maryellen Larkin
69%
Melody Ellison
67%
Elizabeth Cole
66%
Ivy Ling
66%
Emily Bennett
65%
Nellie O'Malley
65%
Isabel Hoffman
64%
Ruthie Smithens
61%
Courtney Moore
57%
Marie-Grace Gardner
57%
Cécile Rey
56%
Nanea Mitchell
56%
Nicki Hoffman
50%
Claudie Wells
41%
No matching quizzes found
Score Distribution
Percent of People with Each Score
Percentile by Number Answered
Your Score History
You have not taken this quiz